000 00601nam a2200205Ia 4500
005 20250508152344.0
008 008 250505s9999 xx 000 0 eng d
037 _aTextual
040 _aFEDL
_beng
_cFEDL
041 _aeng
_2eng
084 _a020, HAR
_qFEDL
100 _aHarrison K C
245 0 _aFirst steps in librarianship : A student's guide to the library association entrance examination
260 _aLondon, UK
_bGrafton and Co.
_c1950
300 _a135p.
365 _aINR
_b6.8
650 _aLibrary Science
942 _cTEXL
_h020, HAR
999 _c1335878
_d1335878